| 000 | 00352nam a22001337a 4500 | ||
|---|---|---|---|
| 005 | 20240823115506.0 | ||
| 008 | 240823b |||||||| |||| 00| 0 eng d | ||
| 020 | _a9781915590565 | ||
| 082 | _b33561 | ||
| 245 | _aWe Can Do Better : A Departure into the world to tomorrow | ||
| 260 |
_aUk _bScribe Publication _c2024 |
||
| 365 |
_b998 _cRs. |
||
| 942 | _cBK | ||
| 999 |
_c41518 _d41518 |
||